Airlines that serve Amsterdam Schiphol (AMS) - Statistics

General Stats
  • This quiz has been taken 55 times
    52 since last reset
  • The average score is 42 of 74
Answer Stats
Airline % Correct
KLM
97%
Air France
92%
Delta Air Lines
92%
Emirates
92%
Lufthansa
90%
Ryanair
90%
American Airlines
87%
British Airways
87%
ITA Airways
87%
LOT Polish Airlines
82%
Air Canada
79%
easyJet
79%
TAP Air Portugal
79%
United Airlines
79%
China Southern Airlines
77%
Qatar Airways
77%
Aer Lingus
74%
China Eastern Airlines
74%
Korean Air
74%
Swiss International Air Lines
74%
Air India
72%
Finnair
72%
Turkish Airlines
72%
Austrian Airlines
69%
Aegean Airlines
67%
Aeroméxico
67%
Scandinavian Airlines
67%
Transavia
67%
El Al
64%
Icelandair
64%
JetBlue
64%
Norwegian Air Shuttle
64%
Saudia
64%
Tui Fly
64%
airBaltic
62%
Singapore Airlines
62%
Egyptair
59%
Etihad Airways
59%
Royal Air Maroc
59%
Vueling
59%
Air Europa
56%
Air Serbia
56%
Cathay Pacific
54%
China Airlines
51%
EVA Air
51%
TAROM
51%
Garuda Indonesia
49%
Kenya Airways
49%
Royal Jordanian
49%
WestJet
49%
Air Astana
44%
Oman Air
44%
SunExpress
44%
Bulgaria Air
41%
Pegasus Airlines
41%
Air Transat
38%
Croatia Airlines
38%
Kuwait Airways
38%
IndiGo
36%
XiamenAir
36%
Corendon Airlines
33%
Air Arabia
31%
Air Dolomiti
28%
FlyOne
28%
Surinam Airways
28%
Georgian Airways
23%
KM Malta Airlines
23%
Sky Express
23%
AJet
21%
LATAM Brasil
21%
arkia
15%
FlyErbil
10%
Amelia International
5%
Air Anka
0%
No matching quizzes found
Score Distribution
Percent of People with Each Score
Percentile by Number Answered
Your Score History
You have not taken this quiz since the last reset